[Event "Werner-Ott-Open Kreuzberger Sommer 2014"]
[Site "Berlin"]
[Date "2014.07.10"]
[Round "6.26"]
[White "Gelman, Josef"]
[Black "Richter, Götz"]
[Result "0-1"]
[WhiteElo "1629"]
[BlackElo "2032"]
[PlyCount "110"]
[EventDate "2014.??.??"]
[WhiteTeam "SC Weisse Dame e.V."]
[BlackTeam "Klub Kölner Schachfreunde e.V. 1"]

1. Nf3 c5 2. g3 Nf6 3. Bg2 d5 4. O-O Nc6 5. d4 e6 6. c3 Bd6 7. Bf4 Bxf4 8. gxf4
Qb6 9. Qb3 Qc7 10. e3 b6 11. Nbd2 Ba6 12. Rfe1 O-O 13. Qd1 Rac8 14. Rc1 Bd3 15.
Nf1 Be4 16. Ng3 Bxf3 17. Bxf3 Qd7 18. Qd2 Rc7 19. Kh1 Na5 20. b3 Nb7 21. Rg1
Nd6 22. Qb2 c4 23. b4 a5 24. bxa5 bxa5 25. Rb1 Rb7 26. Qc2 Rfb8 27. e4 dxe4 28.
Nxe4 Ndxe4 29. Bxe4 Nxe4 30. Qxe4 f5 31. Rxb7 Qxb7 32. Qxb7 Rxb7 33. Re1 Kf7
34. Re5 Rb1+ 35. Kg2 Rc1 36. Rxa5 Rxc3 37. Rc5 Ke7 38. a4 Kd6 39. Kf1 Rc2 40.
Kg2 c3 41. Kf3 Ra2 42. Rxc3 Rxa4 43. Ke3 Ra1 44. Ke2 Ra2+ 45. Ke3 h6 46. Rb3 g5
47. fxg5 hxg5 48. Rb7 Ra3+ 49. Ke2 Rh3 50. Rg7 g4 51. Ra7 Rxh2 52. Ra3 Kd5 53.
Re3 f4 54. Re5+ Kxd4 55. Rxe6 g3 0-1